| 000 | 01063 a2200289 4500 | ||
|---|---|---|---|
| 003 | Nust | ||
| 005 | 20170207154054.0 | ||
| 010 | _a 2008047000 | ||
| 020 | _a0470415711 (pbk.) | ||
| 020 | _a9780470415719 (pbk.) | ||
| 035 | _a(OCoLC)ocn236325224 | ||
| 040 | _cNust | ||
| 082 | 0 | 0 | _a658.155 |
| 100 | 1 | _aWyser-Pratte, Guy P. | |
| 245 | 1 | 0 |
_aRisk arbitrage (E-BOOK) _cGuy Wyser-Pratte. |
| 260 |
_aHoboken, N.J. : _bWiley, _cc2009. |
||
| 300 |
_ax, 292 p. : _bill. ; _c22 cm. |
||
| 490 | 1 | _aWiley investment classics | |
| 500 | _aRev. ed. of: Risk arbitrage II. [c1982]. | ||
| 505 | 0 | _aIntroduction -- Merger arbitrage -- Merger arbitrage : practical applications -- Cash tender offers -- Other risk arbitrage situations -- Corporate 'freezeins' : the subterfuge syndrome -- Active arbitrage -- Summary and conclusions. | |
| 650 | 0 | _aArbitrage. | |
| 650 | 0 | _aConsolidation and merger of corporations. | |
| 650 | 0 | _aTender offers (Securities) | |
| 651 | _aRisk arbitrage (E-BOOK) | ||
| 700 | 1 | _aWyser-Pratte, Guy P. | |
| 830 | 0 | _aWiley investment classics. | |
| 942 |
_2ddc _cBK |
||
| 999 |
_c193247 _d193247 |
||